000 00301nam a2200133Ia 4500
008 221030s9999 xx 000 0 und d
041 _aEnglish
082 _a105.23
100 _aB. R. Puri
245 0 _aPrinciples of Physical Chemistry
_cby B. R. Puri
260 _c0
650 _aB
942 _cBK
999 _c11471
_d11471